6 Elements in periodic table by random number - Statistics

General Stats
  • This quiz has been taken 1,071 times
  • The average score is 5 of 6
Answer Stats
Hint Answer % Correct
13 Aluminium
100%
5 Boron
100%
48 Cadmium
100%
20 Calcium
100%
6 Carbon
100%
58 Cerium
100%
17 Chlorine
100%
24 Chromium
100%
27 Cobalt
100%
29 Copper
100%
66 Dysprosium
100%
64 Gadolinium
100%
32 Germanium
100%
79 Gold
100%
2 Helium
100%
1 Hydrogen
100%
49 Indium
100%
36 Krypton
100%
103 Lawrencium
100%
3 Lithium
100%
71 Lutetium
100%
12 Magnesium
100%
101 Mendelevium
100%
80 Mercury
100%
115 Moscovium
100%
10 Neon
100%
28 Nickel
100%
113 Nihonium
100%
76 Osmium
100%
8 Oxygen
100%
15 Phosphorus
100%
94 Plutonium
100%
19 Potassium
100%
59 Praseodymium
100%
88 Radium
100%
86 Radon
100%
62 Samarium
100%
21 Scandium
100%
106 Seaborgium
100%
34 Selenium
100%
14 Silicon
100%
47 Silver
100%
11 Sodium
100%
52 Tellurium
100%
69 Thulium
100%
92 Uranium
100%
104 Rutherfordium
89%
23 Vanadium
89%
100 Fermium
88%
18 Argon
83%
99 Einsteinium
83%
9 Fluorine
83%
116 Livermorium
83%
60 Neodymium
83%
75 Rhenium
83%
81 Thallium
83%
50 Tin
83%
30 Zinc
83%
40 Zirconium
83%
4 Berrylium
80%
112 Copernicium
80%
105 Dubnium
80%
87 Francium
80%
77 Iridium
80%
46 Palladium
80%
111 Roentgenium
80%
43 Technetium
80%
22 Titanium
80%
89 Actinium
75%
33 Arsenic
75%
85 Astatine
75%
83 Bismuth
75%
31 Gallium
75%
108 Hassium
75%
25 Manganese
75%
7 Nitrogen
75%
84 Polonium
75%
61 Promethium
75%
35 Bromine
73%
98 Californium
71%
63 Europium
71%
26 Iron
71%
45 Rhodium
71%
117 Tennessine
71%
102 Nobelium
70%
95 Americium
67%
55 Caesium
67%
110 Darmstadtium
67%
114 Flerovium
67%
53 Iodine
67%
109 Meitnerium
67%
93 Neptunium
67%
38 Strontium
67%
65 Terbium
67%
78 Platinum
63%
97 Berkelium
60%
96 Curium
60%
91 Protactinium
60%
39 Yttrium
60%
82 Lead
57%
56 Barium
50%
72 Hafnium
50%
57 Lanthanum
50%
16 Sulphur
50%
74 Tungsten
50%
54 Xenon
50%
67 Holmium
43%
90 Thorium
43%
107 Bohrium
40%
44 Ruthenium
40%
42 Molybdenum
33%
41 Niobium
33%
37 Rubidium
33%
68 Erbium
29%
73 Tantalum
25%
51 Antimony
20%
118 Oganesson
0%
70 Ytterbium
0%
No matching quizzes found
Score Distribution
Percent of People with Each Score
Percentile by Number Answered
Your Score History
You have not taken this quiz